El mundo de la ciencia; el hombre actual ante la vertiginosa evolución de la ciencia y de la técnica /

Guardado en:
Autor Principal: Bergier, Jacques Dir.
Formato: Libro
Publicado: Barcelona : Salvat, 1963
Materias:
Etiquetas: Agregar Etiqueta
Sin Etiquetas, Sea el primero en etiquetar este registro!
LEADER 00801nam a22002175a 4500
001 CEM.cems001014
005 20060213000000.0
008 130507s1963##################000#0#####d
003 CEMS
082 0 4 |a 503 
100 1 |a Bergier, Jacques Dir. 
245 1 0 |a El mundo de la ciencia; el hombre actual ante la vertiginosa evolución de la ciencia y de la técnica / 
260 |a Barcelona :  |b Salvat,  |c 1963 
300 |a 394 p. 
505 0 |a El enfoque historico-evolutivo en la ense¤anza de las ciencias; Una experiencia didáctica; Resultados, antecedentes, perspectivas; Una experiencia anterior 
653 |a Adhesivos 
653 |a Astronautica 
653 |a Ciencia ficcion 
653 |a Ciencia-enciclopedia 
653 |a Enciclopedias 
859 |a CEMS  |b BIB. CEMS - 11 de abril  |h 503  |i B454/III  |p 1650.74  |t Ej.1